| 000 | 01156nam0a22002771 4500 | ||
|---|---|---|---|
| 001 | rc\4634818 | ||
| 005 | 20250612135428.0 | ||
| 021 |
_aRU _b[57-40157] |
||
| 035 | _a(NLR Aleph) 008681811 | ||
| 090 |
_a9183712 _c9183712 |
||
| 100 | _a20130416d1957 |||y0rusy50 ca | ||
| 101 | 0 | _arus | |
| 102 | _aRU | ||
| 105 | _ay c ||||| | ||
| 200 | 1 |
_aВоспитывать воинов в духе высокой бдительности и боевой готовности _eРек. указатель литературы _fГос. ордена Ленина б-ка СССР им. В.И. Ленина. Воен. отд. |
|
| 210 |
_aМосква _cБ. и. _d1957 |
||
| 215 |
_a26 с. _d17 |
||
| 300 | _aСост. указан на обороте тит. л. | ||
| 606 |
_aВоинское воспитание _jБиблиография _2psbo |
||
| 700 | 1 |
_aСиницына _bК.В. _f1919- _gКлара Васильевна _4220 |
|
| 712 | 0 | 2 | _aГосударственная б-ка СССР им. В.И. Ленина. Воен. отд. |
| 801 | 0 |
_aRU _bNLR _gpsbo |
|
| 801 | 1 |
_aRU _bELAR _2rusmarc |
|
| 852 |
_aNLR _jС351-660/С-38 |
||
| 942 | _cBOOK | ||
| 980 | _aNB | ||